000 01322nam0a22002891 4500
001 rc\3516265
005 20130115142918.6
021 _aRU
_b[71-76514]
035 _a(NLR Aleph) 007659612
090 _a6317470
_c6317470
100 _a20130115d1971 |||y0rusy50 ca
101 0 _arus
102 _aRU
105 _aa z |||||
200 1 _aБиокомплексы пустынь и повышение их продуктивности
_e(Труды 2 Всесоюз. конф. по проблеме пустынь)
_fПод ред. акад. Н.Т. Нечаевой и чл.-кор. АН ТССР А.К. Рустамова
_gАН ТССР. Науч. совет по проблеме пустынь. Ин-т пустынь
210 _aАшхабад
_cЫлым
_d1971
215 _a175 с.
_cил.
_d22
320 _aСписки лит. в конце докл.
606 _aЛуга и пастбища пустынь и полупустынь
_yКазССР
_2psbo
606 _aЛуга и пастбища пустынь и полупустынь
_yСреднеазиатские республики
_2psbo
702 1 _aНечаева
_bН. Т.
_4340
702 1 _aРустамов
_bА. К.
_4340
801 0 _aRU
_bNLR
_gpsbo
801 1 _aRU
_bELAR
_2rusmarc
852 _aNLR
_j71-5/4731
942 _cBOOK
980 _aNB